Videospiel Charaktere -5- - Statistiken

Allgemein
  • Dieses Quiz wurde 1.011 mal gespielt
  • Das Durchschnittsergebnis liegt bei 7 aus 16
Antwortstatistiken
Bildquiz Antwort % Korrekt
Prinzessin Peach
98%
Agent 47
73%
Ezio Auditore da Firenze
70%
Doctor Eggman
69%
Solid Snake
64%
Hecarim
53%
Chun-Li
41%
Sora
38%
Gordon Freeman
34%
John-117
27%
Sylvanas Windläufer
27%
Shulk
25%
Anna DeWitt (Elizabeth)
21%
Heihachi Mishima
19%
Coco Bandicoot
15%
Mona Sax
3%
Keine übereinstimmenden Quizze gefunden
Verteilung der Resultate
Anzahl Personen mit jedem Resultat
Perzentil nach korrekt beantworteten Fragen
Ihre Resultats-Entwicklung
Sie haben dieses Quiz noch nicht gespielt